000 00306nam a22001337a 4500
008 210302b ||||| |||| 00| 0 eng d
020 _a0801610710
041 _aeng
080 _26th
_a617
100 _a8
101 _aORT
245 _aCampbell's Operative Orthopaedics
_cEdmonson,S.A
942 _2udc
_cBK
999 _c55470
_d55470